Khan v Islington LBC (Record no. 66824)

MARC details
000 -LEADER
fixed length control field 01315cam a2200229 4500
001 - CONTROL NUMBER
control field ABS63844
008 - FIXED-LENGTH DATA ELEMENTS--GENERAL INFORMATION
fixed length control field 000000n2001 000 0 eng u
035 ## - SYSTEM CONTROL NUMBER
System control number (Sirsi) u112200
245 ## - TITLE STATEMENT
Title Khan v Islington LBC
260 ## - PUBLICATION, DISTRIBUTION, ETC.
Date of publication, distribution, etc. 2001
490 ## - SERIES STATEMENT
Series statement Rating and Valuation Reporter
Volume/sequential designation [2001] RVR 62-65 (4)
520 ## - SUMMARY, ETC.
Summary, etc. CA 10 June 1999. Claimant tenant (H) occupied premises in North London. Defendant (I) sought to obtain funding to demolish and redevelop properties on the estate. H disputed the fact that alternative accommodation was available. CC made an order for possession and H accepted the accommodation. H was entitled to a house loss repayment. In November 1997 I deducted £77.64 arrears of rent from the home loss payment and H sought a declaration that I was not entitled to make any deduction. CC refused declaration and H appealed. Held, I was entitled to set off rent arrears against the tenant's entitlement to a home loss payment under the Land Compensation Act 1973.
590 ## - LOCAL NOTE (RLIN)
Local note ABS
650 ## - SUBJECT ADDED ENTRY--TOPICAL TERM
Topical term or geographic name entry element KHAN V ISLINGTON LBC
650 ## - SUBJECT ADDED ENTRY--TOPICAL TERM
Topical term or geographic name entry element COMPENSATION
650 ## - SUBJECT ADDED ENTRY--TOPICAL TERM
Topical term or geographic name entry element HOME LOSS PAYMENT
650 ## - SUBJECT ADDED ENTRY--TOPICAL TERM
Topical term or geographic name entry element DEDUCTION
650 ## - SUBJECT ADDED ENTRY--TOPICAL TERM
Topical term or geographic name entry element SET OFF
650 ## - SUBJECT ADDED ENTRY--TOPICAL TERM
Topical term or geographic name entry element LAND COMPENSATION ACT 1973
690 ## - LOCAL SUBJECT ADDED ENTRY--TOPICAL TERM (OCLC, RLIN)
Topical term or geographic name as entry element ENVIRONMENTAL AND LAND CONSULTANCY-PLANNING AND DEVELOPMENT-COMPULSORY PURCHASE AND COMPENSATION
942 ## - ADDED ENTRY ELEMENTS (KOHA)
Suppress in OPAC 0
Holdings
Withdrawn status Lost status Source of classification or shelving scheme Damaged status Not for loan Home library Current library Shelving location Date acquired Total Checkouts Full call number Barcode Date last seen Copy number Price effective from Koha item type
    Dewey Decimal Classification     London London Journal article 26/04/2001   ABS63844 112200-1001 06/08/2019 1 06/08/2019 Law report